Heart: Albums by Cover - Statistics

General Stats
  • This quiz has been taken 8 times
  • The average score is 7 of 16
Answer Stats
Picture Hint Answer % Correct
1987 Bad Animals
83%
1978 Dog and Butterfly
83%
1975 Dreamboat Annie
83%
1980 Bébé le Strange
67%
1985 Heart
67%
1977 Magazine
67%
1990 Brigade
50%
1977 Little Queen
50%
1982 Private Audition
50%
2010 Red Velvet Car
33%
2016 Beautiful Broken
17%
1993 Desire Walks On
17%
2012 Fanatic
17%
2001 Heart Presents a Lovemongers' Christmas
17%
2004 Jupiters Darling
17%
1983 Passionworks
17%
No matching quizzes found
Score Distribution
Percent of People with Each Score
Percentile by Number Answered
Your Score History
You have not taken this quiz